00486nam a22001697a 450000500170000001000150001702000110003203500150004303700140005808200080007210000230008024500740010326000380017727000330021530000250024850000430027320181013110020.0 aENG-124270 c150.00 a EN-107802 bDBAD/PUB. a471 aParimalagantham, A aStructural Reduplication in Tamil and Telugu /cby A. Parimalagantham aKuppambSathya Publicationsc2011 aPalace Road,bKuppame517425 axiv,178p.c20cm(pbk) ait includes Biblography and conclusion